000 00485nam a2200169 4500
001 138089
003 ES-MaACL
005 20240524062958.0
007 t|
008 070214s1979 sp r ||||1| spa d
100 1 _aSánchez Ortega, Francisco,
_d1937-
_9102819
245 1 0 _aCadenas /
_cF. Sánchez Ortega.
260 _aMadrid :
_b[s. n.],
_c1979 (
_fImp. García-Rico)
300 _a153 p. ;
_c21 cm.
852 _aES-MaACL
_jA-10898
_bR.100452
999 _c138089
_d138089